Normal view
MARC view
- Lewis, William Richard
Entry Personal Name
001 - CONTROL NUMBER
- control field: 45049
003 - CONTROL NUMBER IDENTIFIER
- control field: NUST
005 - DATE AND TIME OF LATEST TRANSACTION
- control field: 20210314133137.0
008 - FIXED-LENGTH DATA ELEMENTS
- fixed length control field: 210314|| aca||aabn | a|a d
040 ## - CATALOGING SOURCE
- Original cataloging agency: NUST
- Transcribing agency: NUST
100 ## - HEADING--PERSONAL NAME
- Personal name: Lewis, William Richard
670 ## - SOURCE DATA FOUND
- Source citation: Work cat.: (NUST): Lewis, William Richard., Notes on soldering., 1948]
